000 006380000a22001810004500
003 LK-CoMWRAF
008 230817t1997 ||||| |||| 00| 0 eng d
040 _aLK-CoMWRAF
_dLK-CoMWRAF
_eLK-CoMWRAF
041 _aeng
082 _a320.954
_bCIV
111 _aCIVIL SOCIETY IN SRI LANKA: A SYMPOSIUM
_c(Colombo, Sri Lanka Foundation Institute
_d9th July, 1996)
245 _aCivil society in Sri Lanka:
_ba symposium
260 _aColombo:
_b International Centre for Ethnic Studies,
_c1997
300 _a38 p. ; 22 cm
_bBibliography included
650 _aCIVIL SOCIETY-Sri Lanka
650 _aSri Lanka- Politics and government
942 _cCP
999 _c2532
_d2532